The Crisis of Confidence in Rating Agencies

Ratingové agentúry sú spoločnosti, ktoré prideľujú rating emitenta na určitý typ dlhovej povinnosti. Úloha ratingových agentúr je hodnotenie pravdepodobnosti zlyhania pri splácaní úveru alebo dlhu. Pri priraďovaní ratingu krajinám sa berú do úvahy také faktory, ako je HDP na obyvateľa, rast HDP, dlh...

Descripción completa

Guardado en:
Detalles Bibliográficos
Autor principal: Obtulovič, Peter
Otros Autores: Cupak, Andrej, 1988-
Formato: Capítulo de libro
Lenguaje:eslovaco
Materias:
Etiquetas: Agregar Etiqueta
Sin Etiquetas, Sea el primero en etiquetar este registro!

MARC

LEADER 00000naa$a2200000$$$4500
001 0291201
005 20241106141245.5
041 0 |a slo 
044 |a SK 
245 1 0 |a The Crisis of Confidence in Rating Agencies 
520 |a Ratingové agentúry sú spoločnosti, ktoré prideľujú rating emitenta na určitý typ dlhovej povinnosti. Úloha ratingových agentúr je hodnotenie pravdepodobnosti zlyhania pri splácaní úveru alebo dlhu. Pri priraďovaní ratingu krajinám sa berú do úvahy také faktory, ako je HDP na obyvateľa, rast HDP, dlh krajiny k HDP a ďalšie. V článku odhadneme ekonometrické modely, ktoré popisujú vzťah medzi kategoriálnou závisle premennou a súborom kvantitatívnych vysvetľujúcich premenných. Vzhľadom k tomu, že model nie je možné odhadnúť klasickými metódami lineárnych modelov, používame multinominálny logit model s odhadmi podľa metódy maximálnej vierohodnosti. 
610 2 0 |a agentúry 
610 2 0 |a rating 
610 2 0 |a dlhy 
610 2 0 |a modely ekonometrické 
610 2 0 |a odhady 
100 1 |a Obtulovič, Peter 
700 1 |a Cupak, Andrej, 1988-